| 000 | 02034nam a2200337 a 4500 | ||
|---|---|---|---|
| 001 | ebr10575674 | ||
| 003 | CaPaEBR | ||
| 006 | m u | ||
| 007 | cr cn||||||||| | ||
| 008 | 120321s2012 enkadf sb 001 0 eng d | ||
| 010 | _z 2012008850 | ||
| 020 | _z9780470711613 (cloth) | ||
| 020 | _z9781118346471 (e-book) | ||
| 040 |
_aCaPaEBR _cCaPaEBR |
||
| 035 | _a(OCoLC)781432689 | ||
| 050 | 1 | 4 |
_aR857.M3 _bB56 2012eb |
| 082 | 0 | 4 |
_a610.28 _223 |
| 245 | 0 | 0 |
_aBio-glasses _h[electronic resource] : _ban introduction / _cedited by Julian Jones, Alexis G. Clare. |
| 260 |
_aChichester, West Sussex : _bWiley, _c2012. |
||
| 300 |
_axviii, 235 p., [12] p. of plates : _bill. (some col.) |
||
| 504 | _aIncludes bibliographical references and index. | ||
| 505 | 0 | _aThe unique nature of glass / Alexis G. Clare -- Melt derived bioactive glass / Matthew D. O'Donnell -- Sol-gel derived glasses for medicine / Julian R. Jones -- Phosphate glasses / Delia S. Brauer -- The structure of bioactive glasses and their surfaces / Alastair N. Cormack -- Bioactive borate glasses / Steven B. Jung -- Glass-ceramics / Wolfram H'land -- Bioactive glass- and glass-ceramic coatings / Enrica Vern -- Composites containing bioactive glass / Aldo R. Boccaccini and Qi-Zhi Chen -- Inorganic-organic sol-gel hybrids / Yuki Shirosaki ... [et al.] -- Dental applications of glasses / Leena Hupa and Antti Yli-Urpo -- Bioactive glass as synthetic bone grafts and scaffolds for tissue engineering / Julian R. Jones -- Glasses for radiotherapy / Delbert E. Day. | |
| 533 |
_aElectronic reproduction. _bPalo Alto, Calif. : _cebrary, _d2011. _nAvailable via World Wide Web. _nAccess may be limited to ebrary affiliated libraries. |
||
| 650 | 0 | _aBiomedical materials. | |
| 650 | 0 | _aGlass. | |
| 655 | 7 |
_aElectronic books. _2local |
|
| 700 | 1 | _aJones, Julian R. | |
| 700 | 1 | _aClare, Alexis. | |
| 710 | 2 | _aebrary, Inc. | |
| 856 | 4 | 0 |
_uhttp://site.ebrary.com/lib/rucke/Doc?id=10575674 _zAn electronic book accessible through the World Wide Web; click to view |
| 999 |
_c78280 _d78280 |
||